| 000 | 00546nam a2200193Ia 4500 | ||
|---|---|---|---|
| 008 | 131103s9999 xx 000 0 und d | ||
| 040 | _aLoreto College | ||
| 041 | _aEnglish | ||
| 082 |
_a822.33/SHA _bLCBkB/E284 |
||
| 100 | _aShakespeare, William | ||
| 245 | 4 |
_aThe merchant of venice _cWilliam Shakespeare;Edited by M.R.Ridley |
|
| 260 |
_aLondon _bGeorge gill _c[19?] |
||
| 300 |
_a154p. _c 18cm |
||
| 650 | _aShakespeare, William | ||
| 651 | _aEnglish drama | ||
| 700 | _aRidley, M.R.; ed. | ||
| 850 | _aLCBkB/822.33/SHA | ||
| 942 | _cBK | ||
| 999 |
_c35787 _d86266 |
||